Discover joy: (Record no. 5869)

000 -LEADER
fixed length control field 00565nam a2200181 a 4500
001 - CONTROL NUMBER
control field :::00003611$&:&@@
003 - CONTROL NUMBER IDENTIFIER
control field OkBaRHE
005 - DATE AND TIME OF LATEST TRANSACTION
control field 20000607103308.0
008 - FIXED-LENGTH DATA ELEMENTS--GENERAL INFORMATION
fixed length control field s1983 j 000 0 eng u
040 ## - CATALOGING SOURCE
Transcribing agency
100 1# - MAIN ENTRY--PERSONAL NAME
Personal name Draper, James T.
245 10 - TITLE STATEMENT
Title Discover joy:
Remainder of title studies in Philippians.
260 ## - PUBLICATION, DISTRIBUTION, ETC. (IMPRINT)
Place of publication, distribution, etc Wheaton, IL., :
Name of publisher, distributor, etc Tyndale House
Date of publication, distribution, etc 1983
300 ## - PHYSICAL DESCRIPTION
Extent 166 p. ;
Dimensions 21 cm.
650 ## - SUBJECT ADDED ENTRY--TOPICAL TERM
Topical term or geographic name as entry element Bible New Testament Philippians
General subdivision Commentaries
942 ## - ADDED ENTRY ELEMENTS (KOHA)
Source of classification or shelving scheme
Koha item type Books
Copies
Lost status Source of classification or shelving scheme Copy number Shelving location Barcode Date last seen Date acquired Full call number Permanent Location Koha item type Not for loan Withdrawn status Price effective from Damaged status
  1General Stacks36112018-04-032010-04-14BS 2705 .D7RHEMA Bible Training CollegeBooks  2010-04-14